Logo Quiz Level 11 - Statistics

General Stats
  • This quiz has been taken 46 times
  • The average score is 7 of 16
Answer Stats
Picture Answer % Correct
76
79%
Hilton
67%
Red Bull
67%
Reese's
55%
Honda
48%
Müller
48%
Baltimore Orioles
36%
BBC
33%
ErAZ
33%
NAZ
33%
Quiznos
33%
Deutsche Telekom
30%
ESRB
27%
Petco
27%
Youku
24%
Romania National Football Team
21%
No matching quizzes found
Score Distribution
Percent of People with Each Score
Percentile by Number Answered
Your Score History
You have not taken this quiz